[Event "Teresina Nordeste Cup"]
[Site "Teresina"]
[Date "2022.07.24"]
[Round "6"]
[White "Cantanhede Garcez, Henrique Haiashi Vi"]
[Black "Do Nascimento, Raira Graciany G"]
[Result "1/2-1/2"]
[WhiteElo "1811"]
[BlackElo "1761"]
[PlyCount "72"]
[EventDate "2022.07.22"]
[EventType "swiss"]
[EventRounds "6"]
[EventCountry "BRA"]
[SourceTitle "CBM 209 Extra"]
[Source "ChessBase"]
[SourceDate "2022.09.30"]
[SourceVersion "1"]
[SourceVersionDate "2022.09.30"]
[SourceQuality "1"]

1. e4 e5 2. Nf3 Nc6 3. Bb5 Nf6 4. 0-0 Nxe4 5. Re1 d5 6. d3 Nf6 7. Nxe5 Be6 8. Nxc6 bxc6 9. Bxc6+ Ke7 10. b3 Nd7 11. Ba3+ Ke8 12. Bxf8 Kxf8 13. Bxa8 Qxa8 14. Qf3 Nf6 15. c4 Ke7 16. Nc3 Rd8 17. Nb5 Qb7 18. Qg3 Rd7 19. Nc3 Kf8 20. Na4 Re7 21. Qf3 Qc8 22. Qd1 Qb7 23. Nc5 Qc8 24. Re3 c6 25. Qd2 Kg8 26. Rae1 Re8 27. Re5 Bd7 28. Nxd7 Qxd7 29. Rxe8+ Nxe8 30. Rxe8+ Qxe8 31. Qb4 h6 32. h3 Qd7 33. Qa4 d4 34. Kf1 g6 35. b4 g5 36. b5 c5 1/2-1/2